Malá Fatra Veľký Rozsutec (1606 m) z Vrátnej doliny

Bibliographic Details
Format: Photo
Language:Slovak
PhysicalDescription:1 pohľadnica čiernobiela 14 x 9 cm
Published: Martin Bratislava Osveta PK - HSVZ 1956
Subjects:

MARC

LEADER 00000nkm a2200000 a 4500
001 vtls011567376
003 SK-MaSNL
005 20260302084934.0
007 kf bo
008 231214s1956 xo g kuslo
015 |a SNBG 
035 |a urn:nbn:sk:snk-km00blk6 
035 |a urn:nbn:sk:snk-km3lo4c 
035 |a 08941438-9EDC-40C7-A893-8D5568AD8419 
040 |a SNK  |b slo  |c SNK  |e AACR2 
041 0 |a slo 
043 |a e-xo--- 
044 |a xo  |c SK 
080 |a 551.24.055(234.372.4)  |2 2011 
080 |a (234.372.4)  |2 2011 
080 |a (437.6)  |2 2011 
080 |a (084.121)  |2 2011 
080 |a 913(437.6)  |2 2011 
245 0 0 |a Malá Fatra  |h grafika  |b Veľký Rozsutec (1606 m) z Vrátnej doliny 
260 |a Martin  |b Osveta  |a Bratislava  |b PK - HSVZ  |c 1956 
300 |a 1 pohľadnica  |b čiernobiela  |c 14 x 9 cm 
651 7 |a Veľký Rozsutec (Malá Fatra, Slovensko : vrch)  |2 SNKPH  |9 56715 
651 7 |a Malá Fatra (Slovensko : pohorie)  |2 SNKPH  |9 56372 
655 7 |a miestne pohľadnice  |2 SNKPH  |9 70510 
852 |a Slovenská národná knižnica 
958 |a GC 
958 |a GBN 
958 |a OND 
999 |c 1189921  |d 1191851 
952 |a SNK  |b SNK  |y PREZ  |7 0  |p 17A1195624  |o snkSP 27148  |0 0  |1 0  |4 0  |d 2016-07-15  |f 1  |l 0  |r 2026-02-24 22:08:30  |w 2026-02-24